000 00331nam a2200133Ia 4500
005 20251222155148.0
008 251222s9999||||xx |||||||||||||| ||spa||
082 _aLEN.67.1-2/Ej.2
100 _aAcademia Española.
245 0 _aOrtografía de la lengua española
250 _a1ra. ed.
264 _bEspasa Calpe
942 _cLIB
999 _c39446
_d39446